000 00343nam a2200109Ia 4500
008 171211s9999 xx 000 0 und d
245 4 _aThe Newlyweds' Guide to Investing & Personal Finance
245 _cCarrie Coghill Martin and Evan M. Pattak
260 _c2002
650 _xECONOMICS
856 _uhttp://down.ebook777.com/064/1564145735.pdf
999 _c349532
_d349532